| 000 -ლიდერი |
| ფიქსირებული სიგრძის საკონტროლო ველი |
02007nam a2200301Ia 4500 |
| 001 - საკონტროლო ნომერი |
| საკონტროლო ველი |
22668 |
| 003 - საკონტროლო ნომრის იდენტიფიკატორი |
| საკონტროლო ველი |
GE_BSU |
| 005 - ბოლო ოპერაციის თარიღი და დრო |
| საკონტროლო ველი |
20230411150444.0 |
| 008 - ფიქსირებული სიგრძის მონაცემთა ელემენტები - ზოგადი ინფორმაცია |
| ფიქსირებული სიგრძის საკონტროლო ველი |
181216s2017||||ge |||||||||||||| ||geo|| |
| 020 ## - წიგნის საერთაშორისო სტანდარტული ნომერი |
| International Standard Book Number |
9789941272592 |
| 040 ## - კატალოგიზაციის წყარო |
| Transcribing agency |
GE_BSU |
| 041 ## - ენის კოდი |
| Language code of text/sound track or separate title |
geo |
| 080 ## - უნივერსალური ათობითი კლასიფიკაციის ინდექსი |
| Universal Decimal Classification number |
323.173(479.2)+316.42(479.22)+94(479.2) ს-30 |
| 245 ## - ცნობა სათაურის შესახებ |
| Title |
სასაზღვრო მხარე : |
| Remainder of title |
კონფლიქტები და თანამშრომლობა სამხრეთ კავკასიაში / |
| Statement of responsibility, etc |
რედაქტორი ელენე ლადარია ; წინასიტყვაობა ნინო ლეჟავა. |
| 264 ## - წარმოების, გამოცემის, დისტრიბუციის და სხვა ცნობები |
| გამოცემის, წარმოების, დისტრიბუციის... ადგილი |
თბილისი : |
| გამოცემის, წარმოების, დისტრიბუციის... სახელწოდება |
ჰაინრიჰ ბიოლის ფონდის სამხრეთ კავკასიის რეგიონული ბიურო (შპს სეზანი), |
| გამოცემის, წარმოების, დისტრიბუციის... თარიღი |
2017. |
| 300 ## - ფიზიკური აღწერა |
| Extent |
392 გვ. ; |
| Dimensions |
24 სმ. |
| Accompanying material |
[5] ჩართ.ფურცელი რუკა, ცხრ., ფოტო. |
| 504 ## - BIBLIOGRAPHY, ETC. NOTE |
| Bibliography, etc |
ბიბლიოგრ. ტექსტის შენიშვნებში |
| 653 ## - INDEX TERM--UNCONTROLLED |
| Uncontrolled term |
ეთნოკონფლიქტები სამხრეთ კავკასიაში |
| 653 ## - INDEX TERM--UNCONTROLLED |
| Uncontrolled term |
სოციალურ-ეკონომიკური ცვლიბები სამხრეთ კავკასიაში |
| 653 ## - INDEX TERM--UNCONTROLLED |
| Uncontrolled term |
სახლემწიფო საზღვრები სამხრეთ კავკასიაში |
| 653 ## - INDEX TERM--UNCONTROLLED |
| Uncontrolled term |
სამხრეთ კავკასიის ისტორია |
| 653 ## - INDEX TERM--UNCONTROLLED |
| Uncontrolled term |
სასაზღვრო მხარე |
| 653 ## - INDEX TERM--UNCONTROLLED |
| Uncontrolled term |
კონფლიქტები და თანამშრომლობა სამხრეთ კავკასიაში |
| 653 ## - INDEX TERM--UNCONTROLLED |
| Uncontrolled term |
საშინაო პოლიტიკა |
| 700 ## - ADDED ENTRY--PERSONAL NAME |
| Personal name |
ლადარია, ელენე |
| Relator term |
რედაქტორი |
| 9 (RLIN) |
12549 |
| 942 ## - ADDED ENTRY ELEMENTS (KOHA) |
| Koha item type |
წიგნი |
| Source of classification or shelving scheme |
|